000 01793cam a2200529 i 4500
001 3259
003 FISKH9781447295693
005 20240222112819.0
008 171011s2016 caua a 000 0 eng d
010 _a 2017295236
020 _a9781626869004
020 _a1626869006
020 _a9781447295693
035 _a(OCoLC)ocn957507754
040 _aBTCTA
_beng
_cBTCTA
_erda
_dBDX
_dSINLB
_dOCLCO
_dOCLCF
_dNZAUC
_dOCLCO
_dOCL
_dIGA
_dDLC
042 _alccopycat
_alcac
050 0 0 _aPZ8.3
_b.R1766 2016
082 0 0 _a398.2
_aE
_223
100 _aTaylor, Dan
245 0 0 _aRapunzel /
_cillustrated by Dan Taylor.
260 _aLondon :
_bMacmillan,
_c2016
300 _a10 unnumbered pages :
_bcolor illustrations ;
_c18 cm.
336 _atext
_2rdacontent
336 _astill image
_2rdacontent
337 _aunmediated
_2rdamedia
338 _avolume
_2rdacarrier
490 0 _aFirst stories
500 _aCover title.
500 _a"Push, pull, and slide the scenes to bring the classic tale of Rapunzel to life"--Back cover.
505 _aN
520 _aRetells, in rhyming text, the story of a girl with long hair who is imprisoned by a witch.
521 8 _a580
_bLexile AD
521 8 _aN
_bRaz-Plus
650 0 _aBoard books.
650 0 _aToy and movable books
_vSpecimens.
650 1 _aStories in rhyme.
650 1 _aFairy tales.
650 1 _aFolklore
_zGermany.
650 1 _aToy and movable books.
650 1 _aBoard books.
650 7 _aJUVENILE FICTION / Classics.
_2bisacsh
650 7 _aJUVENILE FICTION / Fairy Tales & Folklore.
_2bisacsh
650 7 _aJUVENILE FICTION / Interactive Adventures.
_2bisacsh
700 1 _aTaylor, Dan
_eillustrator.
906 _a7
_bcbc
_ccopycat
_d2
_encip
_f20
_gy-gencatlg
942 _2ddc
_cBK
_n0
999 _c3259
_d3259